00361 a2200109 4500001000900000005001700009008004100026245007200067100002000139700002300159773006900182ART_756320260410161555.0260409a 10aLa actividad apícola en el marco de las normas contables vigentes1 aSimaro, Gustavo1 aTorchelli, Valeria0 tProfesional & Empresariag- Año IX, Nº 104 (may. 2008)wREV70